MARC

LEADER 00000nam0a2200000 4500
001 357192
005 20231102010952.0
035 |a (RuTPU)RU\TPU\retro\14452 
035 |a RU\TPU\retro\14448 
090 |a 357192 
100 |a 20200803d1954 m y0rusy50 ca 
101 0 |a rus 
102 |a RU 
105 |a y z 000zy 
200 1 |a Аида. Краткое содержание оперы  |e опера в 4 действиях, 9 картинах  |f Академический правовой университет ; Ленинградский государственный академический театр оперы и балета им. С. М. Кирова ; композитор Д. Верди 
210 |a Ленинград  |c Государственное музыкальное издательство  |d 1954 
215 |a 16 с. 
606 1 |a Оперы  |2 stltpush  |3 (RuTPU)RU\TPU\subj\47064  |9 66131 
610 1 |a Италия 
610 1 |a итальянская опера 
610 1 |a 19 век 
610 1 |a сценарии 
610 1 |a содержание 
675 |a 782  |v 4 
702 1 |a Верди  |b Д.  |c итальянский композитор  |f 1813-1901  |g Джузеппе  |2 stltpush  |3 (RuTPU)RU\TPU\pers\12617  |4 230  |9 3576 
712 0 2 |a Академический правовой университет  |2 stltpush  |3 (RuTPU)RU\TPU\col\4843  |9 24032 
712 0 2 |a Ленинградский государственный академический театр оперы и балета им. С. М. Кирова  |c (1935-1992)  |2 stltpush  |3 (RuTPU)RU\TPU\col\27017  |9 28629 
801 1 |a RU  |b 63413507  |c 20200803 
801 2 |a RU  |b 63413507  |c 20200916  |g RCR 
942 |c BK